Dierl, Florian, 1969-. Pflicht, Zwang und Gewalt. - Essen, Ruhr : Klartext. - 2013 [Rezension]

Titel: Dierl, Florian, 1969-. Pflicht, Zwang und Gewalt. - Essen, Ruhr : Klartext. - 2013 [Rezension]
Verfasser:
In: Neue politische Literatur, Band 58, Heft 3 (2013), Seite 515-518
alle Artikel anzeigen
Veröffentlicht: 2013
Format: Aufsatz
Sprache: Deutsch
Kein Bild verfügbar
X
alg: 39513612
001A    $01999:12-11-16 
001B    $01999:04-08-21 $t21:06:00.000 
001D    $01999:12-11-16 
001U    $0utf8 
001X    $00 
002@    $0Aox 
003@    $0395136121 
007A    $0395136121 $aHEB 
007T    $0Herdc0104856m 
010@    $ager 
011@    $a2013 
021A    $aDierl, Florian, 1969-. Pflicht, Zwang und Gewalt. - Essen, Ruhr : Klartext. -  2013 [Rezension] 
028A    $aRutar $dSabine 
031A    $d58 $e3 $h515-518 $j2013 
039B    $aIn $8--Abvc--. Neue politische Literatur. - Wiesbaden : Springer VS, 1956-. - ISSN 0028-3320 $x201300000580003485 $9046846980 
039T    $8--Aau--Dierl, Florian$Z1969- [Tp3]. Pflicht, Zwang und Gewalt. - 1. Aufl.. - Essen, Ruhr : Klartext, 2013. - 510 S.. - ISBN 978-3-8375-0808-6 $9302154132 
045F    $a900.9438 $eDDC23BSB 
045F/01 $a900 
045F/03 $g438 
045T    $a3,6 

lok: 39513612 78

exp: 39513612 78 1 #EPN
201B/01 $018-11-16 $t13:51:13.000 
201U/01 $0utf8 
203@/01 $0791434826 
208@/01 $a12-11-16 $be 
209A/01 $a/ $f000 $x00 
220C/01 $aTitelaufnehmer: pg 
220C/01 $aHerkunft: HI Marburg 
244Z/01 $2Trx $#Poola $#Lenkija $#Polija $#Polen Land $#Poland $#Lengyelország $#Poľsko $#Polsko $8--Trx--Polska$gkraj $x01 $9391345966 
244Z/01 $2Trx $#arvustused $#recenzijos $#Reviews $#recenziók $#recenzje $#recenzie $#recenze $8--Trx--Rezensionen $x02 $9391357441 
247C/01 $82080>Marburg/Lahn, Herder-Institut, Forschungsbibliothek, Bibliographieportal $9336309341
LEADER 00000caa a22000002c 4500
001 395136121
003 DE-603
005 20210804210600.0
007 tu
008 161112s2013 xx |||| | u00||u|ger c
035 |a (DE-599)HEB395136121 
040 |a DE-603  |b ger  |c DE-603  |d DE-603 
041 |a ger 
082 0 4 |8 1\u  |a 900.9438  |q DE-101  |2 23/BSB 
084 |a 3,6  |2 ssgn 
085 |8 1\u  |b 900 
085 |8 1\u  |z 2  |s 438 
100 1 |a Rutar, Sabine 
245 0 0 |a Dierl, Florian, 1969-. Pflicht, Zwang und Gewalt. - Essen, Ruhr : Klartext. - 2013 [Rezension] 
264 0 |c 2013 
773 0 8 |i In  |t Neue politische Literatur  |d Wiesbaden : Springer VS, 1956-  |x 0028-3320  |g Band 58, Heft 3 (2013), Seite 515-518  |w (DE-603)046846980  |w (DE-600)3402-2 
787 0 8 |i Rezension von  |a Dierl, Florian, 1969-  |t Pflicht, Zwang und Gewalt  |b 1. Aufl.  |d Essen, Ruhr : Klartext, 2013  |h 510 S.  |z 9783837508086  |z 3837508080  |w (DE-603)302154132 
924 0 |9 2080  |a (DE-603)791434826  |b DE-2080  |c HES  |d d  |g /